The translation studies reader (0 415 18747 8)

Đã lưu trong:
书目详细资料
主要作者: LAWRENCE VENUTI
格式: 图书
语言:Undetermined
出版: Routledge 2000
标签: 添加标签
没有标签, 成为第一个标记此记录!
Thư viện lưu trữ: Trung tâm Học liệu Trường Đại học Cần Thơ
LEADER 00402nam a2200145Ia 4500
001 CTU_49381
008 210402s9999 xx 000 0 und d
082 |a 418.02 
082 |b T772 
100 |a LAWRENCE VENUTI 
245 4 |a The translation studies reader (0 415 18747 8) 
245 0 |c LAWRENCE VENUTI 
260 |b Routledge 
260 |c 2000 
980 |a Trung tâm Học liệu Trường Đại học Cần Thơ